01641cam a22003854i 4500003000900000005001700009008004100026020001500067035002700082040003300109082002000142100003000162245011700192264004800309300003800357336002100395337002500416338002300441504004200464505055100506526001001057526001001067526001001077526001001087526000801097526000801105526000801113526000801121526000801129526000801137526000801145541001201153650006101165650002901226PE-LiUPU20250731173321.0150625s r 000 0 d a0801027276 a(Sirsi) i9780801027277 aPE-LiUPUbspacPE-LiUPUerda04a230.01bZ772211 aZimmermann, Jens,eautor.10aRecovering theological hermeneutics :ban incarnational-trinitarian theory of interpretation /cJens Zimmermann. 1aGrand Rapids, MI :bBacker Academic,c2004. a345 páginas ;c24 centímetros atext2rdacontent aunmediated2rdamedia avolume2rdacarrier aIncluye referencias bibliográficas.0 aCommunion with God. -In the beginning was the word: The incarnational hermeneutics of Martin Luther. -Puritan and pietist hermeneutics. -The silencing of the word. -The secularization of theological hermeneutics. -Gadamer's philosophical hermeneutics. -The ethical hermeneutics of Emmanuel Levinas. -Hermeneutics and Self-Knowledge: The challenge of radical hermeneutics. -Recovering theological hermeneutics: an incarnational-trinitarian approach. -Incarnational subjectivity. -Self-knowledge and the incarnation. -Incarnation and aesthetics. aSEG42 aSEG41 aSEG40 aSEG39 aP94 aP87 aP86 aP85 aP77 aP76 aP35 g438621;04aHermenéuticaxCristianismoxHistoria de las doctrinas.04aTeología filosófica.